| 000 | 01581pam a2200349 a 4500 | ||
|---|---|---|---|
| 001 | 15160039 | ||
| 003 | OSt | ||
| 005 | 20230913143710.0 | ||
| 008 | 080129s2007 enka 001 0 eng d | ||
| 010 | _a 2008360329 | ||
| 015 |
_aGBA729196 _2bnb |
||
| 016 | 7 |
_a013716291 _2Uk |
|
| 020 | _a9781861978226 (hard) | ||
| 020 | _a1861978227 (hard) | ||
| 035 | _a(OCoLC)ocn123375532 | ||
| 040 |
_aWIUC - GH _cWIUC - GH _dBAKER _dBTCTA _dYDXCP _dZS3 _dHKP _dIXA _dJRZ _dBWKUK _dBWK _dDLC |
||
| 042 |
_aukblcatcopy _alccopycat |
||
| 050 | 0 | 0 |
_aHD69.P75 _bR63 2007 |
| 082 | 0 | 4 |
_a658.404 _222 |
| 100 | 1 |
_aRoberts, Paul, _d1964- _92402 |
|
| 245 | 1 | 0 |
_aGuide to project management : _bachieving lasting benefit through effective change / _cPaul Roberts. |
| 260 |
_aLondon : _bProfile, _cc2007. |
||
| 300 |
_aviii, 311 p. : _bill. ; _c23 cm. |
||
| 500 | _aIncludes index. | ||
| 500 | _aPublished in association with The Economist. | ||
| 505 | 0 | _aThe components of effective project management -- Conceiving projects -- Project roles and responsibilities -- Project organisation and resource management -- Planning : risks and rewards -- Planning : quality -- Planning : time and cost -- Initiating projects -- Project delivery -- Support and assurance -- Project closure and beyond -- Embedding effective project management. | |
| 650 | 0 |
_aProject management. _92222 |
|
| 710 | 2 |
_aEconomist Newspaper Limited. _92403 |
|
| 906 |
_a7 _bcbc _ccopycat _d2 _encip _f20 _gy-gencatlg |
||
| 942 |
_2lcc _cBK |
||
| 999 |
_c10049 _d17549 |
||